Holiday Quiz

Random Holiday or Typing Quiz

Summer Typing Challenge Quiz Stats

 Plays Quiz Updated Jul 3, 2015

Also try: Typing Challenge
Challenge
Share
Tweet
Embed
Score 0/100 Timer 02:00
1 Play Today
What to type ↓ Type here! ↓ % Correct
hothot
99.8%
sunsun
99.1%
MayMay
98.6%
seasea
98.4%
heatheat
98%
JuneJune
97.7%
JulyJuly
97.4%
sandsand
97.1%
polopolo
96.9%
jobsjobs
96.7%
parkpark
96.5%
playplay
96.3%
restrest
96.2%
ballball
96.1%
poolpool
96%
golfgolf
95.9%
corncorn
95.7%
breakbreak
95.6%
beachbeach
95.4%
waterwater
95.3%
gamesgames
95.2%
oceanocean
95.1%
sleepsleep
94.9%
sunnysunny
94.8%
relaxrelax
94.7%
sweatsweat
94.4%
peachpeach
94.2%
summersummer
94.1%
warmthwarmth
93.8%
seasonseason
93.6%
AugustAugust
93.3%
picnicpicnic
92.9%
tennistennis
92.6%
rerunsreruns
92.3%
What to type ↓ Type here! ↓ % Correct
resortresort
91.9%
moviesmovies
91.6%
bikinibikini
91.1%
SpeedoSpeedo
90.7%
hikinghiking
90.2%
gardengarden
89.7%
shortsshorts
89.2%
sunhatsunhat
88.7%
traveltravel
88.1%
trunkstrunks
87.5%
monsoonmonsoon
86.6%
weatherweather
85.9%
holidayholiday
85.2%
cricketcricket
84.5%
surfingsurfing
83.8%
leisureleisure
82.8%
campingcamping
82%
FrisbeeFrisbee
81.1%
sandalssandals
80.2%
sailingsailing
79.3%
fishingfishing
78.4%
cyclingcycling
77.2%
sunburnsunburn
76.2%
sangriasangria
74.9%
tank-toptank-top
73.3%
sunshinesunshine
71.9%
vacationvacation
70.3%
barbecuebarbecue
68.2%
footballfootball
66.5%
baseballbaseball
64.7%
softballsoftball
63%
swimmingswimming
61.1%
OlympicsOlympics
58.6%
canoeingcanoeing
56.4%
What to type ↓ Type here! ↓ % Correct
humidityhumidity
53.9%
outdoorsoutdoors
51.7%
backyardbackyard
49.3%
popsiclepopsicle
46.8%
ice-creamice-cream
44.4%
seashoreseashore
42.3%
sundresssundress
40.2%
waterskiwaterski
38.2%
cherriescherries
36.3%
solsticesolstice
34.2%
campfirecampfire
32.3%
mosquitomosquito
30.3%
lemonadelemonade
28.2%
tropicaltropical
26.5%
swimsuitswimsuit
24.9%
sunblocksunblock
23.2%
sunflowersunflower
21.9%
sunscreensunscreen
20.3%
waterparkwaterpark
19.1%
lakehouselakehouse
17.9%
volleyballvolleyball
16.4%
recreationrecreation
15.3%
sandcastlesandcastle
14%
swelteringsweltering
12.7%
watermelonwatermelon
11.8%
sunglassessunglasses
10.6%
waterslidewaterslide
9.7%
stargazingstargazing
8.7%
blockbusterblockbuster
7.7%
snorkellingsnorkelling
6.8%
strawberriesstrawberries
5.8%
skateboardingskateboarding
5.2%

You're not logged in!

Compare scores with friends on all Sporcle quizzes.
OR
Log In

You Might Also Like...

Show Comments

Extras

Top Quizzes Today


Score Distribution

Your Account Isn't Verified!

In order to create a playlist on Sporcle, you need to verify the email address you used during registration. Go to your Sporcle Settings to finish the process.

Report this User

Report this user for behavior that violates our Community Guidelines.

Details: